Najlepsze reprezentacje - nagła śmierć - Statystyki

Ogólne statystyki
  • Ten quiz został rozwiązany 174 razy
  • Średni wynik to 11 z 15
Answers on the Grid
Answers color-coded by a green-red scale on the quiz's grid according to % correct below.
Anglia
Argentyna
Australia
Austria
Belgia
Brazylia
Chile
Chorwacja
Francja
Hiszpania
Holandia
Japonia
Kolumbia
Korea Południowa
Maroko
Niemcy
Polska
Portugalia
Senegal
Szwajcaria
Turcja
Ukraina
Urugwaj
Walia
Włochy
 
Statystyki odpowiedzi
Odpowiedź % Poprawnych
Anglia
93%
Argentyna
93%
Hiszpania
93%
Francja
90%
Niemcy
89%
Brazylia
88%
Portugalia
86%
Holandia
83%
Włochy
83%
Belgia
78%
Chorwacja
72%
Urugwaj
56%
Maroko
24%
Kolumbia
22%
Japonia
10%
Nie znaleziono quizów pasujących do podanych kryteriów
Rozkład punktacji
Procent ludzi z każdym wynikiem
Percentyl według liczby udzielonych odpowiedzi
Twoja historia wyników
Nie rozwiązałeś tego quizu